[Event "HUN-chT2 Toth 2324"]
[Site "Hungary"]
[Date "2024.02.18"]
[Round "4.8"]
[White "Papp, Balazs"]
[Black "Gomori, Mihaly"]
[Result "1-0"]
[WhiteElo "2027"]
[BlackElo "1801"]
[PlyCount "91"]
[EventDate "2023.10.08"]
[EventType "team-tourn"]
[EventRounds "9"]
[EventCountry "HUN"]
[SourceTitle "EXT 2025"]
[Source "ChessBase"]
[SourceDate "2024.10.14"]
[SourceVersion "1"]
[SourceVersionDate "2024.10.14"]
[SourceQuality "1"]
[WhiteTeam "Szeged Maroczy II"]
[BlackTeam "Kecskemet Takisz"]
[WhiteTeamCountry "HUN"]
[BlackTeamCountry "HUN"]

1. Nf3 Nf6 2. c4 g6 3. d4 d6 4. Nc3 Bg7 5. e4 0-0 6. Be2 Nbd7 7. 0-0 e5 8. Be3 Ng4 9. Bg5 f6 10. Bc1 c6 11. d5 c5 12. Kh1 Nh6 13. Rg1 Ng4 14. Qf1 f5 15. Ng5 Ndf6 16. h3 Nh6 17. g3 fxe4 18. g4 Qe7 19. Be3 Nf7 20. Ngxe4 Nxe4 21. Nxe4 Bd7 22. Qg2 Qh4 23. Qg3 Qxg3 24. fxg3 a6 25. Kg2 b5 26. b3 b4 27. a3 a5 28. Rab1 Rfb8 29. Bd1 Kf8 30. Bd2 Ke7 31. Bc2 Kd8 32. Rbf1 Be8 33. Rf2 a4 34. axb4 cxb4 35. bxa4 b3 36. Bd3 b2 37. Rb1 Rxa4 38. Bc3 Ra2 39. Rfxb2 Raxb2+ 40. Rxb2 Rxb2+ 41. Bxb2 Ba4 42. Ba3 Kc7 43. g5 h5 44. gxh6 Bxh6 45. Nc3 Bb3 46. Bxg6 1-0

[Event "HUN-chT2 Toth 2223"]
[Site "Hungary"]
[Date "2023.02.12"]
[Round "7.7"]
[White "Hajnal, Bence"]
[Black "Papp, Balazs"]
[Result "0-1"]
[WhiteElo "1800"]
[BlackElo "2060"]
[PlyCount "80"]
[EventDate "2022.10.16"]
[EventType "team-tourn"]
[EventRounds "11"]
[EventCountry "HUN"]
[SourceTitle "EXT 2025"]
[Source "ChessBase"]
[SourceDate "2024.10.14"]
[SourceVersion "1"]
[SourceVersionDate "2024.10.14"]
[SourceQuality "1"]
[WhiteTeam "Mako Duocor II"]
[BlackTeam "Maroczy II"]
[WhiteTeamCountry "HUN"]
[BlackTeamCountry "HUN"]

1. b3 d5 2. Bb2 Nf6 3. g3 Bf5 4. d3 Nc6 5. Bg2 e5 6. e3 Qd7 7. Nd2 0-0-0 8. h3 h5 9. Ne2 Bd6 10. a3 Kb8 11. b4 Rhe8 12. Nb3 d4 13. e4 Be6 14. Nd2 g5 15. Nc1 Ne7 16. f4 gxf4 17. gxf4 Rg8 18. Qf3 Qc6 19. Kd1 Nfd5 20. exd5 Bxd5 21. Ne4 f5 22. Ne2 Rxg2 23. Qxg2 fxe4 24. fxe5 exd3 25. Nxd4 Bxg2 26. Nxc6+ Nxc6 27. Re1 Bf3+ 28. Kd2 Be7 29. cxd3 Bh4 30. Rg1 Be4 31. Ke3 Bf5 32. Rg7 Rxd3+ 33. Kf4 Be6 34. Rg6 Bd5 35. Rf1 Rxh3 36. e6 b6 37. b5 Ne7 38. Rh6 Kb7 39. Rxh5 Bxe6 40. Bf6 Bxf6 0-1

[Event "HUN-chT2 Toth 2223"]
[Site "Hungary"]
[Date "2022.11.20"]
[Round "3.2"]
[White "Balla, Tamas Kristof"]
[Black "Papp, Balazs"]
[Result "1-0"]
[WhiteElo "2313"]
[BlackElo "2101"]
[PlyCount "83"]
[EventDate "2022.10.16"]
[EventType "team-tourn"]
[EventRounds "11"]
[EventCountry "HUN"]
[SourceTitle "EXT 2025"]
[Source "ChessBase"]
[SourceDate "2024.10.14"]
[SourceVersion "1"]
[SourceVersionDate "2024.10.14"]
[SourceQuality "1"]
[WhiteTeam "Kumania Kisujszallas"]
[BlackTeam "Maroczy II"]
[WhiteTeamCountry "HUN"]
[BlackTeamCountry "HUN"]

1. f4 d5 2. b3 Bf5 3. Bb2 e6 4. Nf3 Nf6 5. e3 Be7 6. Bd3 Bxd3 7. cxd3 c5 8. 0-0 Nc6 9. d4 0-0 10. Qe2 a6 11. Rc1 Nd7 12. d3 Rc8 13. Nbd2 Bf6 14. Ne5 cxd4 15. Nxc6 bxc6 16. Bxd4 Bxd4 17. exd4 Qf6 18. Qe3 c5 19. Nf3 Rc7 20. dxc5 Rxc5 21. Ne5 Nxe5 22. fxe5 Rxc1+ 23. Rxc1 Qe7 24. Rc6 Qa3 25. Qc5 Qxc5+ 26. Rxc5 f6 27. exf6 gxf6 28. Rc6 Kf7 29. Rxa6 Rc8 30. b4 Rc2 31. b5 Rb2 32. a4 e5 33. b6 e4 34. dxe4 dxe4 35. a5 e3 36. Kf1 Rc2 37. Ke1 Rb2 38. Ra7+ Ke6 39. Rxh7 Ke5 40. b7 Ke4 41. Re7+ Kd3 42. Rd7+ 1-0

[Event "HUN-chT2 Toth 2122"]
[Site "Hungary"]
[Date "2022.01.30"]
[Round "5.5"]
[White "Papp, Balazs"]
[Black "Barcsi, Judit"]
[Result "1-0"]
[WhiteElo "2106"]
[BlackElo "2031"]
[PlyCount "63"]
[EventDate "2021.10.10"]
[EventType "team-tourn"]
[EventRounds "9"]
[EventCountry "HUN"]
[SourceTitle "EXT 2025"]
[Source "ChessBase"]
[SourceDate "2024.10.14"]
[SourceVersion "1"]
[SourceVersionDate "2024.10.14"]
[SourceQuality "1"]
[WhiteTeam "Maroczy II"]
[BlackTeam "Felegyhaza Csongrad"]
[WhiteTeamCountry "HUN"]
[BlackTeamCountry "HUN"]

1. d4 d5 2. c4 c6 3. Nc3 Nf6 4. e3 g6 5. Nf3 Bg7 6. Be2 0-0 7. 0-0 Nbd7 8. cxd5 Nxd5 9. e4 Nxc3 10. bxc3 c5 11. h3 Qc7 12. Be3 b6 13. Rc1 Bb7 14. d5 h6 15. c4 Ne5 16. Nd2 e6 17. f4 Nd7 18. Nf3 exd5 19. cxd5 Nf6 20. d6 Qd7 21. e5 Nd5 22. Bd2 Kh7 23. Qb3 a6 24. Bd3 a5 25. Bc4 Nb4 26. a3 a4 27. Qb1 Na6 28. Qxb6 Rfb8 29. Qa5 g5 30. fxg5 Bxf3 31. Rxf3 Bxe5 32. Rxf7+ 1-0

[Event "HUN-chT2 Toth 1718"]
[Site "Hungary"]
[Date "2017.10.08"]
[Round "2.3"]
[White "Dostan, Janos"]
[Black "Papp, Balazs"]
[Result "1-0"]
[WhiteElo "2114"]
[BlackElo "2132"]
[PlyCount "35"]
[EventDate "2017.09.24"]
[EventType "team-tourn"]
[EventRounds "11"]
[EventCountry "HUN"]
[SourceTitle "EXT 2021"]
[Source "ChessBase"]
[SourceDate "2020.10.23"]
[SourceVersion "1"]
[SourceVersionDate "2020.10.23"]
[SourceQuality "1"]
[WhiteTeam "Karcag"]
[BlackTeam "Szeged Maroczy II"]
[WhiteTeamCountry "HUN"]
[BlackTeamCountry "HUN"]

1. e4 d6 2. d4 Nf6 3. Nc3 e5 4. dxe5 dxe5 5. Qxd8+ Kxd8 6. Bc4 Bb4 7. f3 Ke7 8. Nge2 c6 9. Be3 Nbd7 10. 0-0-0 b5 11. Bb3 Bc5 12. Bg5 a5 13. a4 b4 14. Nb1 h6 15. Bh4 Ba6 16. Ng3 g6 17. Rxd7+ Kxd7 18. Bxf6 1-0

[Event "HUN-chT2 Maroczy 1516"]
[Site "Hungary"]
[Date "2016.02.14"]
[Round "5.7"]
[White "Bors, Tamas"]
[Black "Papp, Balazs"]
[Result "0-1"]
[WhiteElo "2272"]
[BlackElo "2155"]
[PlyCount "88"]
[EventDate "2015.10.18"]
[EventType "team-tourn"]
[EventRounds "9"]
[EventCountry "HUN"]
[SourceTitle "EXT 2017"]
[Source "ChessBase"]
[SourceDate "2016.10.25"]
[SourceVersion "1"]
[SourceVersionDate "2016.10.25"]
[SourceQuality "1"]
[WhiteTeam "Magyar Sakkvilag"]
[BlackTeam "Maroczy"]
[WhiteTeamCountry "HUN"]
[BlackTeamCountry "HUN"]

1. c4 c6 2. e4 d5 3. exd5 cxd5 4. cxd5 Nf6 5. Bb5+ Nbd7 6. Nc3 g6 7. Nf3 Bg7 8. d6 exd6 9. Qe2+ Qe7 10. Qxe7+ Kxe7 11. d4 a6 12. Bd3 Nb6 13. 0-0 h6 14. Re1+ Be6 15. Bf4 Kd7 16. a3 Rhe8 17. h3 Rac8 18. Rad1 Nfd5 19. Bd2 Nc4 20. Bxc4 Rxc4 21. Nxd5 Bxd5 22. Rxe8 Kxe8 23. Bc3 Kd7 24. Nd2 Rc8 25. Nf1 f5 26. Ne3 Bb3 27. Re1 f4 28. Nf1 Re8 29. Rxe8 Kxe8 30. Nd2 Bd5 31. Kf1 Kf7 32. f3 Ke6 33. Ke2 Bf8 34. Kd3 Be7 35. Ba5 Bc6 36. Bb6 Bb5+ 37. Kc3 Bh4 38. b3 Be1 39. Kc2 Kd5 40. Kd1 Bh4 41. Kc2 Bf6 42. Ne4 Bxd4 43. Nc3+ Bxc3 44. Kxc3 Bf1 0-1

[Event "HUN-chT2 Maroczy 1415"]
[Site "Hungary"]
[Date "2015.03.01"]
[Round "7"]
[White "Papp, Balazs"]
[Black "Piroska, Istvan"]
[Result "1-0"]
[WhiteElo "2173"]
[BlackElo "2163"]
[PlyCount "89"]
[EventDate "2014.10.12"]
[EventType "team-tourn"]
[EventRounds "9"]
[EventCountry "HUN"]
[SourceTitle "EXT 2016"]
[Source "ChessBase"]
[SourceDate "2015.10.08"]
[SourceVersion "1"]
[SourceVersionDate "2015.10.08"]
[SourceQuality "1"]
[WhiteTeam "Maroczy"]
[BlackTeam "Penzugyor II"]
[WhiteTeamCountry "HUN"]
[BlackTeamCountry "HUN"]

1. d4 d5 2. c4 e6 3. Nc3 Nf6 4. cxd5 exd5 5. Bg5 c6 6. Qc2 Be7 7. e3 Nbd7 8. Bd3 Nh5 9. Bxe7 Qxe7 10. Nge2 g6 11. 0-0-0 Nb6 12. Kb1 Bd7 13. Rc1 Ng7 14. Ng3 0-0-0 15. Na4 Nxa4 16. Qxa4 Kb8 17. Rc3 c5 18. Qa3 Rc8 19. Rxc5 Rxc5 20. Qxc5 Qe6 21. Rc1 Rc8 22. Qb4 Rxc1+ 23. Kxc1 h5 24. Ne2 Bc6 25. Nf4 Qf6 26. Qf8+ Ne8 27. f3 Qh4 28. Kd2 g5 29. Ne2 Qxh2 30. Qxf7 h4 31. Qe7 a6 32. Qxg5 Qh1 33. Nc3 Ka7 34. Qg4 Nd6 35. Qh3 Qg1 36. b3 Nb5 37. Nxb5+ axb5 38. Qxh4 Qxg2+ 39. Be2 b4 40. Qe7 Qg1 41. Qxb4 Qb1 42. Qc5+ Kb8 43. Qc2 Qg1 44. b4 Qf2 45. Qc5 1-0

[Event "HUN-chT2 Maroczy 1415"]
[Site "Hungary"]
[Date "2014.12.14"]
[Round "4"]
[White "Pribelszky, Bence Daniel"]
[Black "Papp, Balazs"]
[Result "0-1"]
[WhiteElo "1890"]
[BlackElo "2173"]
[PlyCount "76"]
[EventDate "2014.10.12"]
[EventType "team-tourn"]
[EventRounds "9"]
[EventCountry "HUN"]
[SourceTitle "EXT 2016"]
[Source "ChessBase"]
[SourceDate "2015.10.08"]
[SourceVersion "1"]
[SourceVersionDate "2015.10.08"]
[SourceQuality "1"]
[WhiteTeam "Miskolc KisBocsok"]
[BlackTeam "Maroczy"]
[WhiteTeamCountry "HUN"]
[BlackTeamCountry "HUN"]

1. e4 c5 2. Nf3 d6 3. d4 cxd4 4. Nxd4 Nf6 5. Nc3 Nc6 6. Bc4 e5 7. Nde2 Be7 8. Bg5 0-0 9. Bxf6 Bxf6 10. Nd5 Bg5 11. c3 Be6 12. Ng3 g6 13. Qd3 Na5 14. Bb3 Nxb3 15. axb3 f5 16. 0-0 f4 17. Ne2 f3 18. gxf3 Rf7 19. f4 exf4 20. f3 Bh3 21. Rfd1 Bh4 22. Kh1 Qg5 23. Rg1 Qh6 24. Qc4 Rc8 25. Qb4 Qh5 26. Nd4 Bf2 27. Ra5 Qh4 28. Rd1 Qg5 29. Ne3 Rc5 30. Ng4 Bxg4 31. fxg4 Rxa5 32. Qxd6 Bxd4 33. Qxd4 Qe5 34. Qd8+ Rf8 35. Qd3 f3 36. b4 Ra6 37. Qc4+ Re6 38. Re1 f2 0-1

[Event "HUN-chT2 Maroczy 1415"]
[Site "Hungary"]
[Date "2014.10.12"]
[Round "1"]
[White "Vamos, Viktor"]
[Black "Papp, Balazs"]
[Result "1-0"]
[WhiteElo "2183"]
[BlackElo "2173"]
[PlyCount "71"]
[EventDate "2014.10.12"]
[EventType "team-tourn"]
[EventRounds "9"]
[EventCountry "HUN"]
[SourceTitle "EXT 2016"]
[Source "ChessBase"]
[SourceDate "2015.10.08"]
[SourceVersion "1"]
[SourceVersionDate "2015.10.08"]
[SourceQuality "1"]
[WhiteTeam "TLSE"]
[BlackTeam "Maroczy"]
[WhiteTeamCountry "HUN"]
[BlackTeamCountry "HUN"]

1. b3 Nf6 2. Bb2 g6 3. Bxf6 exf6 4. d4 Bg7 5. e3 d6 6. g3 c5 7. c3 0-0 8. Bg2 Qa5 9. Qd2 Nc6 10. Ne2 Re8 11. 0-0 Bg4 12. Nf4 Rac8 13. Nd5 Be6 14. b4 Qd8 15. Na3 Bxd5 16. Bxd5 cxb4 17. cxb4 Qb6 18. b5 Ne7 19. Bg2 d5 20. Rac1 Bf8 21. Qd3 Qa5 22. Qb3 Red8 23. Nb1 a6 24. a4 Kg7 25. Nc3 Rc4 26. Nxd5 Rxa4 27. Nxe7 Bxe7 28. bxa6 bxa6 29. Qb7 Bd6 30. Bd5 Rf8 31. Bc4 f5 32. Qd7 Bb4 33. Bd5 Ra3 34. Rc7 Rc3 35. Rb7 Qa3 36. Bxf7 1-0

[Event "HUN-chT2 Maroczy 1314"]
[Site "Hungary"]
[Date "2014.02.02"]
[Round "6"]
[White "Papp, Balazs"]
[Black "Hegyesi, Zoltan"]
[Result "1/2-1/2"]
[WhiteElo "2156"]
[BlackElo "2202"]
[PlyCount "41"]
[EventDate "2013.09.08"]
[EventType "team-tourn"]
[EventRounds "11"]
[EventCountry "HUN"]
[SourceTitle "EXT 2016"]
[Source "ChessBase"]
[SourceDate "2015.10.08"]
[SourceVersion "1"]
[SourceVersionDate "2015.10.08"]
[SourceQuality "1"]
[WhiteTeam "Szeged Maroczy"]
[BlackTeam "Kisujszallas"]
[WhiteTeamCountry "HUN"]
[BlackTeamCountry "HUN"]

1. d4 d5 2. c4 c6 3. Nf3 Nf6 4. Nc3 a6 5. a4 a5 6. Qb3 Na6 7. cxd5 cxd5 8. e4 dxe4 9. Bb5+ Nd7 10. Nxe4 e6 11. 0-0 Be7 12. Bg5 0-0 13. Bxe7 Qxe7 14. Rfe1 Nb4 15. Rad1 h6 16. Nc3 Nf6 17. d5 Qc5 18. Bc4 exd5 19. Nxd5 Nfxd5 20. Bxd5 Nxd5 21. Qxd5 1/2-1/2

[Event "HUN-chT2 Maroczy 1314"]
[Site "Hungary"]
[Date "2013.08.22"]
[Round "2"]
[White "Emodi, Gyula"]
[Black "Papp, Balazs"]
[Result "1/2-1/2"]
[WhiteElo "2214"]
[BlackElo "2156"]
[PlyCount "106"]
[EventDate "2013.09.08"]
[EventType "team-tourn"]
[EventRounds "11"]
[EventCountry "HUN"]
[SourceTitle "EXT 2016"]
[Source "ChessBase"]
[SourceDate "2015.10.08"]
[SourceVersion "1"]
[SourceVersionDate "2015.10.08"]
[SourceQuality "1"]
[WhiteTeam "Penzugyor II"]
[BlackTeam "Szeged Maroczy"]
[WhiteTeamCountry "HUN"]
[BlackTeamCountry "HUN"]

1. b3 e5 2. Bb2 Nc6 3. c4 Nf6 4. e3 d5 5. cxd5 Nxd5 6. a3 Bd6 7. Qc2 0-0 8. Bd3 h6 9. Nc3 Nb6 10. Be2 Qe7 11. Nf3 Be6 12. d3 a5 13. 0-0 f5 14. Nb5 Qf7 15. Bd1 Nd7 16. d4 e4 17. Nd2 Nb6 18. Nc4 Nxc4 19. bxc4 Bxc4 20. Be2 Bxe2 21. Qxe2 Ne7 22. Rac1 Nd5 23. Nc3 Nxc3 24. Rxc3 c6 25. Qc4 Rfd8 26. f3 Qxc4 27. Rxc4 Re8 28. Kf2 f4 29. exf4 exf3 30. Kxf3 Bxf4 31. g3 Bd6 32. Rd1 Rf8+ 33. Kg2 Rae8 34. Rc2 Re3 35. d5 Bxa3 36. Bxa3 Rxa3 37. dxc6 bxc6 38. Rxc6 Ra2+ 39. Kh3 Rff2 40. Rh1 Kh7 41. Ra6 g6 42. Ra7+ Kg8 43. Rd1 Rf7 44. Rd8+ Kg7 45. Ra6 Rff2 46. Rd7+ Rf7 47. Rdd6 Rff2 48. Rxg6+ Kf7 49. Rab6 Rxh2+ 50. Kg4 Ra4+ 51. Kf3 Ra3+ 52. Kf4 Ra4+ 53. Kf3 Ra3+ 1/2-1/2

[Event "HUN-chT2 Maroczy 1213"]
[Site "Hungary"]
[Date "2013.04.07"]
[Round "10"]
[White "Papp, Balazs"]
[Black "Teglas, Balazs"]
[Result "1/2-1/2"]
[WhiteElo "2163"]
[BlackElo "2221"]
[PlyCount "28"]
[EventDate "2012.09.16"]
[EventType "team-tourn"]
[EventRounds "11"]
[EventCountry "HUN"]
[SourceTitle "EXT 2014"]
[Source "ChessBase"]
[SourceDate "2013.11.20"]
[SourceVersion "1"]
[SourceVersionDate "2013.11.20"]
[SourceQuality "1"]
[WhiteTeam "Maroczy"]
[BlackTeam "Hobagoly"]
[WhiteTeamCountry "HUN"]
[BlackTeamCountry "HUN"]

1. d4 Nf6 2. c4 c5 3. d5 e6 4. Nc3 exd5 5. cxd5 d6 6. e4 a6 7. f4 Nbd7 8. Nf3 Nb6 9. Bd3 Be7 10. 0-0 0-0 11. h3 Re8 12. a4 Bf8 13. a5 Nbd7 14. Kh1 b5 1/2-1/2

[Event "HUN-chT2 Maroczy 1213"]
[Site "Hungary"]
[Date "2013.02.17"]
[Round "7"]
[White "Papp, Balazs"]
[Black "Kosa, Peter"]
[Result "1/2-1/2"]
[WhiteElo "2163"]
[BlackElo "2151"]
[PlyCount "74"]
[EventDate "2012.09.16"]
[EventType "team-tourn"]
[EventRounds "11"]
[EventCountry "HUN"]
[SourceTitle "EXT 2014"]
[Source "ChessBase"]
[SourceDate "2013.11.20"]
[SourceVersion "1"]
[SourceVersionDate "2013.11.20"]
[SourceQuality "1"]
[WhiteTeam "Maroczy"]
[BlackTeam "Hajduszoboszlo"]
[WhiteTeamCountry "HUN"]
[BlackTeamCountry "HUN"]

1. b3 e5 2. Bb2 Nc6 3. e3 d5 4. Bb5 Bd6 5. f4 f6 6. Qh5+ g6 7. Qh4 Qe7 8. Nf3 e4 9. Nd4 Bd7 10. Bxc6 bxc6 11. Nc3 f5 12. Qf2 Nf6 13. a4 Ng4 14. Qe2 a6 15. g3 Nf6 16. h3 c5 17. Nxf5 gxf5 18. Nxd5 Nxd5 19. Bxh8 Nb4 20. 0-0-0 Qf7 21. Bc3 Na2+ 22. Kb2 Nxc3 23. dxc3 Be6 24. c4 Rb8 25. Ka3 Bf8 26. g4 Bg7 27. Rhg1 Qf6 28. Rb1 Qc3 29. gxf5 Rb4 30. Qe1 Rxa4+ 31. Kxa4 Qxc2 32. Ka3 Bc3 33. fxe6 Bb4+ 34. Qxb4 cxb4+ 35. Kxb4 Qd2+ 36. Ka3 Qa5+ 37. Kb2 Qd2+ 1/2-1/2

[Event "HUN-chT2 Maroczy 1213"]
[Site "Hungary"]
[Date "2012.12.02"]
[Round "5"]
[White "Peczely, Sebastian Zsombor"]
[Black "Papp, Balazs"]
[Result "1-0"]
[WhiteElo "2085"]
[BlackElo "2163"]
[PlyCount "45"]
[EventDate "2012.09.16"]
[EventType "team-tourn"]
[EventRounds "11"]
[EventCountry "HUN"]
[SourceTitle "EXT 2014"]
[Source "ChessBase"]
[SourceDate "2013.11.20"]
[SourceVersion "1"]
[SourceVersionDate "2013.11.20"]
[SourceQuality "1"]
[WhiteTeam "Roeszke"]
[BlackTeam "Maroczy"]
[WhiteTeamCountry "HUN"]
[BlackTeamCountry "HUN"]

1. e4 g6 2. d4 Bg7 3. Nc3 a6 4. Be3 b5 5. Qd2 Bb7 6. f3 d6 7. 0-0-0 Nd7 8. g4 c5 9. h4 Qa5 10. Kb1 b4 11. Nce2 Rc8 12. h5 c4 13. c3 Ngf6 14. h6 Bf8 15. cxb4 Qa4 16. Nc3 Qxb4 17. g5 Nh5 18. Nge2 e5 19. Bh3 Rd8 20. Bg4 Be7 21. Bxh5 gxh5 22. Ng3 Rb8 23. Nf5 1-0

[Event "HUN-chT2 Maroczy 1213"]
[Site "Hungary"]
[Date "2012.09.16"]
[Round "1"]
[White "Papp, Balazs"]
[Black "Ruboczki, Tibor"]
[Result "1-0"]
[WhiteElo "2163"]
[BlackElo "2049"]
[PlyCount "45"]
[EventDate "2012.09.16"]
[EventType "team-tourn"]
[EventRounds "11"]
[EventCountry "HUN"]
[SourceTitle "EXT 2014"]
[Source "ChessBase"]
[SourceDate "2013.11.20"]
[SourceVersion "1"]
[SourceVersionDate "2013.11.20"]
[SourceQuality "1"]
[WhiteTeam "Maroczy"]
[BlackTeam "Kisvarda"]
[WhiteTeamCountry "HUN"]
[BlackTeamCountry "HUN"]

1. d4 Nf6 2. c4 e6 3. Nc3 b6 4. e4 Bb7 5. Bd3 Bb4 6. f3 Qe7 7. Nge2 e5 8. a3 Bxc3+ 9. bxc3 d6 10. 0-0 0-0 11. Be3 c5 12. d5 Rd8 13. Ng3 Bc8 14. Qd2 Na6 15. h3 Nc7 16. f4 Nce8 17. fxe5 dxe5 18. Rf3 Nd6 19. Bg5 Nde8 20. Nh5 Qd6 21. Bxf6 Nxf6 22. Rxf6 gxf6 23. Qh6 1-0

[Event "HUN-chT2 Maroczy 1112"]
[Site "Hungary"]
[Date "2012.03.11"]
[Round "7"]
[White "Papp, Balazs"]
[Black "Csorsz, Ferenc"]
[Result "1-0"]
[WhiteElo "2143"]
[BlackElo "2028"]
[PlyCount "61"]
[EventDate "2011.09.25"]
[EventType "team-tourn"]
[EventRounds "11"]
[EventCountry "HUN"]
[SourceTitle "EXT 2013"]
[Source "ChessBase"]
[SourceDate "2012.11.22"]
[SourceVersion "1"]
[SourceVersionDate "2012.11.22"]
[SourceQuality "1"]
[WhiteTeam "Maroczy"]
[BlackTeam "Nyiregyhaza"]
[WhiteTeamCountry "HUN"]
[BlackTeamCountry "HUN"]

1. d4 Nf6 2. c4 c5 3. d5 b5 4. cxb5 a6 5. bxa6 Bxa6 6. Nc3 d6 7. f4 g6 8. Nf3 Bg7 9. e4 Bxf1 10. Rxf1 Nbd7 11. Kf2 Qb6 12. Kg1 c4+ 13. Kh1 0-0 14. Qe2 Rfc8 15. Be3 Qb4 16. Nd4 Qb7 17. Nc6 Nb8 18. Nd4 Nbd7 19. Rab1 Nc5 20. Qf3 Nd3 21. Nc6 Nb4 22. e5 Ne8 23. f5 dxe5 24. fxg6 Nf6 25. gxf7+ Kf8 26. Nxe5 Nbxd5 27. Nxd5 Nxd5 28. Qe4 Bxe5 29. Qxh7 e6 30. Bh6+ Bg7 31. Qxg7+ 1-0

[Event "HUN-chT2 Maroczy 1112"]
[Site "Hungary"]
[Date "2011.11.13"]
[Round "3"]
[White "Toth, Daniel"]
[Black "Papp, Balazs"]
[Result "0-1"]
[WhiteElo "2288"]
[BlackElo "2143"]
[PlyCount "92"]
[EventDate "2011.09.25"]
[EventType "team-tourn"]
[EventRounds "11"]
[EventCountry "HUN"]
[SourceTitle "EXT 2013"]
[Source "ChessBase"]
[SourceDate "2012.11.22"]
[SourceVersion "1"]
[SourceVersionDate "2012.11.22"]
[SourceQuality "1"]
[WhiteTeam "Fuezesabony"]
[BlackTeam "Maroczy"]
[WhiteTeamCountry "HUN"]
[BlackTeamCountry "HUN"]

1. d4 Nf6 2. Nf3 g6 3. c4 Bg7 4. Nc3 d6 5. e4 0-0 6. h3 c5 7. d5 e6 8. Be2 exd5 9. exd5 Nbd7 10. 0-0 Ne5 11. Nxe5 dxe5 12. Bg5 h6 13. Be3 b6 14. a3 Nd7 15. Qd2 Kh7 16. b4 f5 17. f3 Ba6 18. Rac1 Rc8 19. Na4 Qf6 20. bxc5 bxc5 21. Qa5 Qd6 22. Nc3 Rfe8 23. Nb5 Bxb5 24. cxb5 Nb6 25. Qxa7 Rc7 26. Qa5 Ra8 27. Qd2 Rxa3 28. Ra1 Rxa1 29. Rxa1 Qxd5 30. Rd1 Qb7 31. Qd6 Na4 32. Rc1 Rd7 33. Qa6 Qa7 34. Qe6 e4 35. Bc4 Rd8 36. fxe4 fxe4 37. Qxe4 Nb2 38. Bd5 Qa3 39. Bxc5 Qg3 40. Bf2 Qg5 41. Rc5 Qd2 42. Bf7 Nd3 43. Qxg6+ Kh8 44. Rf5 Nxf2 45. Rxf2 Qe3 46. Qc2 Bd4 0-1

[Event "HUN-chT2 Maroczy 1011"]
[Site "Hungary"]
[Date "2011.03.27"]
[Round "7"]
[White "Papp, Balazs"]
[Black "Bokros, Istvan"]
[Result "0-1"]
[WhiteElo "2126"]
[BlackElo "2144"]
[PlyCount "64"]
[EventDate "2010.09.12"]
[EventType "team-tourn"]
[EventRounds "11"]
[EventCountry "HUN"]
[SourceTitle "EXT 2012"]
[Source "ChessBase"]
[SourceDate "2011.11.24"]
[SourceVersion "1"]
[SourceVersionDate "2011.11.24"]
[SourceQuality "1"]
[WhiteTeam "Maroczy"]
[BlackTeam "Penzugyor II"]
[WhiteTeamCountry "HUN"]
[BlackTeamCountry "HUN"]

1. d4 Nf6 2. c4 e6 3. Nc3 Bb4 4. f3 b6 5. e4 Nc6 6. Nge2 a5 7. a3 Be7 8. Be3 d6 9. g4 h6 10. Ng3 Bd7 11. Bd3 e5 12. d5 Nb8 13. 0-0 g6 14. Qd2 h5 15. g5 Nh7 16. h4 Na6 17. f4 Bh3 18. Rf2 exf4 19. Bxf4 Nc5 20. Bc2 0-0 21. Re1 Nd7 22. Nxh5 Ne5 23. Ng3 Bg4 24. Ref1 Nxc4 25. Qd4 Ne5 26. Bd1 Bh3 27. Re1 f6 28. h5 fxg5 29. Be3 Rxf2 30. Bxf2 Qf8 31. Kh2 Bg4 32. Qe3 Bxd1 0-1

[Event "HUN-chT2 Maroczy 1011"]
[Site "Hungary"]
[Date "2010.11.07"]
[Round "5"]
[White "Papp, Balazs"]
[Black "Botragyi, Tibor"]
[Result "1-0"]
[WhiteElo "2126"]
[BlackElo "2144"]
[PlyCount "111"]
[EventDate "2010.09.12"]
[EventType "team-tourn"]
[EventRounds "11"]
[EventCountry "HUN"]
[SourceTitle "EXT 2012"]
[Source "ChessBase"]
[SourceDate "2011.11.24"]
[SourceVersion "1"]
[SourceVersionDate "2011.11.24"]
[SourceQuality "1"]
[WhiteTeam "Maroczy"]
[BlackTeam "Debrecen SBE"]
[WhiteTeamCountry "HUN"]
[BlackTeamCountry "HUN"]

1. d4 Nf6 2. c4 g6 3. Nc3 d5 4. cxd5 Nxd5 5. e4 Nxc3 6. bxc3 c5 7. Nf3 Bg7 8. Be2 0-0 9. 0-0 Nc6 10. Be3 cxd4 11. cxd4 Bg4 12. d5 Bxf3 13. Bxf3 Bxa1 14. Qxa1 Na5 15. Bh6 f6 16. e5 Nc4 17. d6 Nxe5 18. Bxb7 Qxd6 19. Rd1 Qb6 20. Bd5+ Kh8 21. Bxa8 Rxa8 22. Rb1 Qe6 23. h3 Rc8 24. Qb2 Kg8 25. Be3 a5 26. Qb7 Rc2 27. Rb6 Rc6 28. Bh6 Kf7 29. Qa8 Rc8 30. Qxa5 Qf5 31. Qd5+ Ke8 32. Qg8+ Kd7 33. Qd5+ Ke8 34. Qg8+ Kd7 35. Qxh7 Nc6 36. Be3 Ra8 37. Rb7+ Kd6 38. Qh4 Rxa2 39. Qg3+ Ne5 40. Qh4 Nc6 41. Qc4 Rc2 42. Qb3 Qe4 43. Qa3+ Ke6 44. Qa8 Kf7 45. Qh8 Re2 46. Qh7+ Ke6 47. Qg8+ Kd6 48. Qc8 Re1+ 49. Kh2 Qe5+ 50. g3 Rxe3 51. Qc7+ Kc5 52. fxe3 Qf5 53. Qb6+ Kd6 54. Qc7+ Kc5 55. Rb2 e5 56. Qb6+ 1-0

[Event "HUN-chT2 Maroczy 1011"]
[Site "Hungary"]
[Date "2010.09.26"]
[Round "2"]
[White "Horvath, Lajos Ludovic"]
[Black "Papp, Balazs"]
[Result "0-1"]
[WhiteElo "2066"]
[BlackElo "2126"]
[PlyCount "84"]
[EventDate "2010.09.12"]
[EventType "team-tourn"]
[EventRounds "11"]
[EventCountry "HUN"]
[SourceTitle "EXT 2012"]
[Source "ChessBase"]
[SourceDate "2011.11.24"]
[SourceVersion "1"]
[SourceVersionDate "2011.11.24"]
[SourceQuality "1"]
[WhiteTeam "Kisujszallas"]
[BlackTeam "Maroczy"]
[WhiteTeamCountry "HUN"]
[BlackTeamCountry "HUN"]

1. e4 c5 2. Nf3 d6 3. d4 cxd4 4. Nxd4 Nf6 5. Nc3 g6 6. f4 Nc6 7. Bb5 Bd7 8. Bxc6 bxc6 9. e5 Nd5 10. Nxd5 cxd5 11. 0-0 Bg7 12. exd6 Qb6 13. Be3 Qxd6 14. c3 0-0 15. Qd2 e6 16. Rad1 Rac8 17. Nf3 a6 18. Bd4 f6 19. Be3 Qc7 20. Rfe1 Rfe8 21. g4 Bc6 22. Nd4 Bb7 23. f5 e5 24. Ne6 Qc6 25. Qg2 Rxe6 26. fxe6 Qxe6 27. h3 Ba8 28. Qe2 d4 29. cxd4 Qd5 30. Kh2 f5 31. gxf5 exd4 32. Bf4 g5 33. Bg3 Qxf5 34. Rd2 Bd5 35. a3 Bc4 36. Qe4 Qxe4 37. Rxe4 d3 38. Kg1 Bb5 39. Kf2 Rc2 40. Ke3 Rxb2 41. Rxb2 Bxb2 42. a4 Bc1+ 0-1